| 000 | 01022nam a2200301 i 4500 | ||
|---|---|---|---|
| 001 | 000006889 | ||
| 003 | DO-SdBNP | ||
| 005 | 20241008135403.0 | ||
| 008 | 241008s1998 dr 000 0 spa d | ||
| 040 |
_aDO-SdBNP _bspa _cBNPHU _drda |
||
| 082 |
_a461.07 _bZ68l _222 |
||
| 100 | 1 |
_aZúñiga Lozano, Alicia _eautor _919119 |
|
| 245 | 1 | 0 |
_aLengua española : _bestructura y funciones básicas _cAlicia Zúñiga Lozano, Dominmgo Peña Nina. |
| 260 |
_bServicios Gráficos Artísticos, _c1997. |
||
| 264 |
_aSanto Domingo : _bSegraf _c1998 |
||
| 300 |
_a161 páginas. : _bilustraciones ; _c28 cm. |
||
| 336 |
_ardacontent _btexto _2txt |
||
| 337 |
_ardamedia _bsin mediación _2n |
||
| 338 |
_brdacarrier _0volumen _2nc |
||
| 590 | _aInventariado, 2024/DG | ||
| 650 | 4 |
_aEspañol _xEnseñanza _9406 |
|
| 650 | 4 |
_aEspañol _xGramática _xEnseñanza básica _919095 |
|
| 650 | 4 |
_aEspañol _xEjercicios de redacción _9522 |
|
| 650 | _919120 | ||
| 700 | 1 |
_aPeña Nina, Domingo _eautor _919121 |
|
| 910 | _aDG | ||
| 942 |
_2ddc _cLBS1 |
||
| 999 |
_c57785 _d57785 |
||